01745nam a22001697a 4500003000900000005001700009007000300026008004100029040002500070082002400095110007000119245015100189260007200340300003300412505106400445651006601509DO-SdBNP20221026120312.0ta210316b202u drao||fr||||o001 0 spa d aDO-SdBNPbspacBNPHU 4a351.7293bR426m2221 aRepública Dominicana.bMinisterio de Administración Púbica.10aMonitoreo de la administraciòn pùblica :b(la experiencia del Ministerio de administraciòn Pùblica de la Repùblica Dominicana) 2004-2019 aSanto Domingo :bMinisterio de Administraciòn Pùblica,c[2020?] a297 p. :bil., fot. ;c28 cm aPreábulot1. Algunas Realidades Histórico-Políticas. Una Perspectiva General.--t2. algunas Dinámicas de los Cambio Asumidos.--t3. Fortalecimiento Interno del Ministerio para el Ejercicio de su Rectoría.--t4. El sistema de Administración de Servidores Públicos SASP.--t5. En Torno a los Procesos de Selección y Evaluación del Desempeño Laboral.--t6. Sobre la Dirección de Relaciones laborales y la Asociación de Servidores Públicos.--t7. Fomentando una Cultura de la Calidad.--t8. El MAP y la Modernización de las Municipalidades.--t9. La labor del MAP y el Sistema Nacional de Salud.--t10.. Presencia de la Actividad Internacional.--t11. Sobre la Percepción y la Imagen Institucional (Evaluaciones Realizadas).--t12. El Banco de Conocimiento para la Administración Pública: Un Objetivo de Estado.--t13. El MAP 2004- 2019: Una Fragua de Cambio y Logros Impactantes.-- t14. Oportunidades en Presencias.--t15. En torno a unos Definidos retos y Desafíos.--t16. Recomendaciones y Notas Finales.--t17. Apéndice. 4aRepública DominicanaxAdministración públicay2004-2019